Immagini dell'arte italiana attraverso i secoli. Vol. IV (Record no. 76947)
[ view plain ]
| 000 -LEADER | |
|---|---|
| fixed length control field | 02251nam a2200289Ia 4500 |
| 001 - CONTROL NUMBER | |
| control field | K0627 |
| 003 - CONTROL NUMBER IDENTIFIER | |
| control field | IT-RoPAU |
| 008 - FIXED-LENGTH DATA ELEMENTS--GENERAL INFORMATION | |
| fixed length control field | 130308s9999 xx 000 0 und d |
| 040 ## - CATALOGING SOURCE | |
| Original cataloging agency | IT-RoPAU |
| 040 ## - CATALOGING SOURCE | |
| Transcribing agency | IT-RoPAU |
| 041 ## - LANGUAGE CODE | |
| Language code of text/sound track or separate title | ITALIANO |
| 100 ## - MAIN ENTRY--PERSONAL NAME | |
| Personal name | Bovero Anna |
| 100 ## - MAIN ENTRY--PERSONAL NAME | |
| Miscellaneous information | Codice Aut. SPICS: 8893 |
| 245 ## - TITLE STATEMENT | |
| Title | Immagini dell'arte italiana attraverso i secoli. Vol. IV |
| 245 ## - TITLE STATEMENT | |
| Remainder of title | Immagini dell'arte Italiana Attraverso I Secoli. Vol. Iv |
| 250 ## - EDITION STATEMENT | |
| Edition statement | 1a ed. |
| 260 ## - PUBLICATION, DISTRIBUTION, ETC. (IMPRINT) | |
| Place of publication, distribution, etc. | TORINO |
| 260 ## - PUBLICATION, DISTRIBUTION, ETC. (IMPRINT) | |
| Name of publisher, distributor, etc. | UTET |
| 260 ## - PUBLICATION, DISTRIBUTION, ETC. (IMPRINT) | |
| Date of publication, distribution, etc. | 1965 [1° Ed.:1965 - Ed.Ling.Originale:1965] |
| 300 ## - PHYSICAL DESCRIPTION | |
| Extent | "250 p. (prefazione: 8; testo: 242 [pagine: 0-0])" |
| 500 ## - GENERAL NOTE | |
| General note | "Primo ventennio '500 tra Firenze e Roma: Michelangelo, Pieta'; Aspetti Arte a Firenze; Piero di Cosimo; Bramante a Roma; Pittura in Umbria inizi '500; Luca Signorelli; Raffaello; Fra Bartolomeo della Porta; Ambiente Artistico Romano; Volta Cappella Sisitina; Mose'; Baldassarre Peruzzi; Sodoma; Sansovino e Andrea del Sarto; Esordi manierismo toscano; Pontormo; Antonio da Sangallo; Ecc. Primo ventennio '500 a Venezia e Italia Settentrionale: Giambattista Cima; Jacopo De' Barbari; Bartolomeo Veneto; Giovanni Bellini; Giorgione; Lorenzo Lotto; Carpaccio e Andrea Briosco; cima da Cornegliano; Sebastiano del Piombo; Tiziano Vecellio; Giovanni Antonio da Pordenone; Pittura in Piemonte; Gian Martino Spanzotti; Defendente e Gaudenzio Ferrari; Bramantino; Ascendente di Leonardo Sui pittori Lombardi; Giovanni A. De Predis; Andrea Solario; Bernardino Luini; Cristoforo Solario; Correggio: Ecc. manierismo e Arte in Italia fino Alla Morte di Michelangelo: rosso fiorentino e Pontormo; Parmigianino; Arte a Ferrara Ai Tempi Ariosto; Aspetti manierismo a Siena; Antonio da Sangallo; Romanismo del Pordenone; Baldassarre Peruzzi; Girolamo Romanino; Moretto; Palma Il Vecchio; Gian Girolamo Savoldo; inizi del Tintoretto; Pietro Aretino; Bartolomeo Ammannati; Giorgio Vasari; Giovanni Antonio da Montorsoli; Benvenuto Cellini; Pierin del Vaga; Palladio An D" |
| 650 ## - SUBJECT ADDED ENTRY--TOPICAL TERM | |
| Topical term or geographic name as entry element | ENCICLOPEDIE DELLE ARTI VISIVE |
| 650 ## - SUBJECT ADDED ENTRY--TOPICAL TERM | |
| Relator term | Codice materia Spics: 5001 |
| 942 ## - ADDED ENTRY ELEMENTS (KOHA) | |
| Koha item type | LIBRO |
| 957 ## - | |
| -- | 1 |
| 999 ## - SYSTEM CONTROL NUMBERS (KOHA) | |
| -- | 1 |
| Withdrawn status | Lost status | Damaged status | Not for loan | Home library | Current library | Date acquired | Total Checkouts | Full call number | Date last seen | Price effective from | Koha item type | Public note |
|---|---|---|---|---|---|---|---|---|---|---|---|---|
| Buone Condizioni | Not For Loan | SPICS-MEDIATECA | SPICS-MEDIATECA | 08/03/2013 | K0627 | 08/03/2013 | 08/03/2013 | LIBRO | Progressivo inserimento: 21274 / N. Volumi: 1 Copie: 1 / data import: 1 marzo 2013 - By Epidotti, Trombetti, Vaglietti. |